000 00815cab a2200253 4500
001 ABS55267
008 090401t1996 xxu||||| |||| 00| 0 eng d
035 _a(Sirsi) u15306
041 _aeng
100 _aLeitch, J.
245 _aBuilding for the world
260 _c1996
350 _a0
490 _aContract Journal
_v384(6080) 20 June 1996, 22-23(2)
520 _aDiscusses Reading University`s report on design and build, "Designing and Building a world-class industry" and considers the report`s conclusion that D&B is the most popular procurement route for clients. Statistics.
650 _aCLIENTS
650 _aCONSTRUCTION INDUSTRY
650 _aD&B
650 _aDESIGN AND BUILD
650 _aPROCUREMENT METHODS
690 _aBUILT ENVIRONMENT
942 _n0
948 _c04/03/1997
999 _c10020
_d10020